[Event "FIDE Women's World Team Championship"]
[Site "Mardin TUR"]
[Date "2011.12.20"]
[EventDate "2011.12.18"]
[Round "3"]
[Result "1-0"]
[White "Betul Cemre Yildiz"]
[Black "Anna Ushenina"]
[WhiteElo "2297"]
[BlackElo "2463"]
[PlyCount "85"]

1. e4 c6 2. d4 g6 3. Bd3 Bg7 4. Ne2 d6 5. O-O Nf6 6. c4 O-O
7. f3 e5 8. Be3 Nh5 9. Qd2 Nd7 10. Nbc3 a6 11. d5 c5 12. a3
Bh8 13. g4 Nhf6 14. Ng3 Bg7 15. b4 b6 16. Na4 h5 17. gxh5 Nxh5
18. Nxh5 gxh5 19. Kh1 Re8 20. Bh6 Nf8 21. Bxg7 Kxg7 22. f4
exf4 23. Qxf4 Ra7 24. Rg1+ Ng6 25. Raf1 Bg4 26. Qf2 Re5
27. Rg3 Rb7 28. h3 Bc8 29. Rf3 Qh4 30. Rg3 Kh7 31. Kh2 Rg5
32. e5 dxe5 33. Rxg5 Qxg5 34. bxc5 bxc5 35. Nxc5 Rc7 36. d6
Rxc5 37. Bxg6+ Qxg6 38. Qxc5 Be6 39. Qxe5 h4 40. Rg1 Qh6
41. d7 Bxd7 42. Qe4+ Kh8 43. Qa8+ 1-0

[Event "FIDE Women's World Team Championship"]
[Site "Mardin TUR"]
[Date "2011.12.21"]
[EventDate "2011.12.18"]
[Round "4"]
[Result "1-0"]
[White "Betul Cemre Yildiz"]
[Black "Cecile Henriette van der Merwe"]
[WhiteElo "2297"]
[BlackElo "2057"]
[PlyCount "39"]

1. e4 e6 2. d4 d5 3. Nd2 c5 4. exd5 Qxd5 5. dxc5 Bxc5 6. Ngf3
Nf6 7. Bd3 Nc6 8. Qe2 O-O 9. Ne4 Be7 10. c4 Qh5 11. O-O Nxe4
12. Bxe4 Bd7 13. Bf4 Rac8 14. Rad1 Rfd8 15. Bd6 Bf6 16. b4 b6
17. h3 e5 18. c5 Nxb4 19. cxb6 axb6 20. Bxb4 1-0

[Event "FIDE Women's World Team Championship"]
[Site "Mardin TUR"]
[Date "2011.12.22"]
[EventDate "2011.12.18"]
[Round "5"]
[Result "1-0"]
[White "Elina Danielian"]
[Black "Betul Cemre Yildiz"]
[WhiteElo "2497"]
[BlackElo "2297"]
[PlyCount "67"]

1. d4 d5 2. c4 dxc4 3. e4 e5 4. Nf3 Bb4+ 5. Nc3 exd4 6. Nxd4
Ne7 7. Bxc4 O-O 8. O-O a6 9. Bg5 Bxc3 10. bxc3 Qd6 11. Bh4 Qc5
12. Qe2 b5 13. Bb3 Nbc6 14. Rfd1 Na5 15. Qe3 Ng6 16. Bg3 Bg4
17. Re1 Nc4 18. Bxc4 Qxc4 19. f4 f5 20. h3 c5 21. hxg4 cxd4
22. cxd4 fxe4 23. f5 Ne7 24. Qxe4 Nd5 25. Rac1 Qxa2 26. Qe6+
Kh8 27. Rc5 Nb4 28. Qxa2 Nxa2 29. Rc7 Rfe8 30. Rxe8+ Rxe8
31. d5 Nb4 32. d6 Nd5 33. Rb7 Nf6 34. g5 1-0

[Event "FIDE Women's World Team Championship"]
[Site "Mardin TUR"]
[Date "2011.12.24"]
[EventDate "2011.12.18"]
[Round "6"]
[Result "0-1"]
[White "Betul Cemre Yildiz"]
[Black "Le Thao Nguyen Pham"]
[WhiteElo "2297"]
[BlackElo "2341"]
[PlyCount "84"]

1. e4 c5 2. Nf3 e6 3. c4 a6 4. Nc3 Qc7 5. a3 b6 6. d4 cxd4
7. Nxd4 Bb7 8. Be3 Nf6 9. f3 d6 10. Be2 Be7 11. O-O Nbd7
12. Rc1 O-O 13. b4 Rac8 14. Na4 Qb8 15. Nb3 Bd8 16. Kh1 Re8
17. Bg1 h5 18. Bf2 Ba8 19. Nd4 Bc7 20. Bg3 Ne5 21. c5 dxc5
22. bxc5 b5 23. Nb6 Rcd8 24. Nxa8 Qxa8 25. Qd2 h4 26. Bf4 Qc8
27. Qc3 Ng6 28. Bxc7 Qxc7 29. Rfd1 Nh5 30. Qe3 Qe5 31. Rd2 Rc8
32. Nb3 Ngf4 33. Bf1 Qg5 34. Re1 e5 35. Bd3 Re6 36. Bf1 Rg6
37. Nc1 Qe7 38. Rc2 Ng3+ 39. hxg3 hxg3 40. Kg1 Rh6 41. Bxb5
axb5 42. Ne2 Rh1+ 0-1

[Event "FIDE Women's World Team Championship"]
[Site "Mardin TUR"]
[Date "2011.12.25"]
[EventDate "2011.12.18"]
[Round "7"]
[Result "1-0"]
[White "Nadezhda Kosintseva"]
[Black "Betul Cemre Yildiz"]
[WhiteElo "2546"]
[BlackElo "2297"]
[PlyCount "111"]

1. e4 e5 2. Nf3 Nc6 3. Bb5 a6 4. Ba4 Nf6 5. O-O b5 6. Bb3 Bb7
7. Re1 Bc5 8. c3 d6 9. d4 Bb6 10. Be3 h6 11. h3 O-O 12. Nbd2
Re8 13. d5 Ne7 14. Bxb6 cxb6 15. Bc2 Ng6 16. Bd3 Nf4 17. Bf1
Bc8 18. a4 bxa4 19. Qxa4 Qc7 20. Nc4 b5 21. Qa5 Qxa5 22. Nxa5
Rb8 23. Nc6 Rb6 24. Nd2 Bb7 25. Na5 Bc8 26. b4 Bd7 27. h4 Rc8
28. Rec1 Ne8 29. g3 Ng6 30. c4 bxc4 31. Naxc4 Rxb4 32. Rxa6 f5
33. Rca1 fxe4 34. Nxd6 Nxd6 35. Rxd6 Nf8 36. Re1 Bf5 37. Bg2
Rc2 38. Nxe4 Rbb2 39. Rd8 Rb6 40. Ra1 Rc8 41. Rxc8 Bxc8
42. Ra8 Bf5 43. Re8 Kf7 44. Rxe5 g6 45. Nd2 Nd7 46. Re1 Rb4
47. Ne4 Bxe4 48. Rxe4 Rb1+ 49. Kh2 Nf6 50. Rd4 h5 51. Bh3 Ke8
52. d6 Rb6 53. Kg2 Ng4 54. Bxg4 hxg4 55. Rxg4 Rxd6 56. Rg5 1-0

[Event "FIDE Women's World Team Championship"]
[Site "Mardin TUR"]
[Date "2011.12.26"]
[EventDate "2011.12.18"]
[Round "8"]
[Result "0-1"]
[White "Betul Cemre Yildiz"]
[Black "Yelena Dembo"]
[WhiteElo "2297"]
[BlackElo "2468"]
[PlyCount "46"]

1. e4 c5 2. Nf3 Nc6 3. d4 cxd4 4. Nxd4 Nf6 5. Nc3 d6 6. Bc4 e6
7. Be3 Be7 8. Qe2 Bd7 9. O-O-O Rc8 10. f4 O-O 11. f5 Nxd4
12. Rxd4 Qa5 13. g4 b5 14. Bb3 b4 15. g5 bxc3 16. gxf6 Bxf6
17. Rxd6 Bb5 18. Qg2 Bc4 19. Bxc4 Rxc4 20. Rd3 cxb2+ 21. Kb1
Ra4 22. Rb3 Rxa2 23. c3 Qa4 0-1

[Event "FIDE Women's World Team Championship"]
[Site "Mardin TUR"]
[Date "2011.12.27"]
[EventDate "2011.12.18"]
[Round "9"]
[Result "1-0"]
[White "Nana Dzagnidze"]
[Black "Betul Cemre Yildiz"]
[WhiteElo "2516"]
[BlackElo "2297"]
[PlyCount "167"]

1. c4 e5 2. Nc3 Nf6 3. Nf3 Nc6 4. e3 Be7 5. a3 d5 6. cxd5 Nxd5
7. Qc2 Nxc3 8. bxc3 O-O 9. d4 Qd6 10. Be2 f5 11. O-O e4
12. Nd2 Qh6 13. f4 exf3 14. Nxf3 g5 15. d5 g4 16. dxc6 gxf3
17. Bxf3 bxc6 18. e4 Bc5+ 19. Kh1 f4 20. e5 Ba6 21. Be2 Bxe2
22. Qxe2 Be3 23. Rf3 Bxc1 24. Qc4+ Kh8 25. Rxc1 Rae8 26. Re1
Re6 27. Qd4 Qg5 28. g3 Rd8 29. Qxf4 Qe7 30. c4 Re8 31. Qd4 c5
32. Qb2 Qg7 33. Rf5 Qg4 34. Qf2 Qg7 35. Qxc5 c6 36. Qf2 Kg8
37. Qf4 h6 38. Qd4 Qe7 39. Qg4+ Kh8 40. Qf4 Kg8 41. Rf1 Qg7
42. Rf6 c5 43. Rxe6 Rxe6 44. Re1 Qb7+ 45. Kg1 Qd7 46. Qg4+ Kh8
47. Rd1 Qe8 48. Qf4 Rxe5 49. Qxh6+ Kg8 50. Rf1 Re1 51. Qg5+
Kh8 52. Qxc5 Qe2 53. Qf8+ Kh7 54. Qf7+ Kh8 55. Rxe1 Qxe1+
56. Kg2 Qc1 57. Qxa7 Qc2+ 58. Qf2 Qe4+ 59. Qf3 Qc2+ 60. Kh3
Qh7+ 61. Kg4 Qg7+ 62. Kf4 Qf8+ 63. Kg4 Qg7+ 64. Kh3 Qh7+
65. Kg2 Qc2+ 66. Kg1 Qc1+ 67. Kf2 Qd2+ 68. Qe2 Qd4+ 69. Kf3
Qf6+ 70. Kg2 Qc6+ 71. Qf3 Qg6 72. Qc3+ Kg8 73. h4 Qe4+ 74. Kf2
Qf5+ 75. Ke3 Qc5+ 76. Qd4 Qxa3+ 77. Kf2 Qa2+ 78. Kf3 Qb3+
79. Kg4 Qa2 80. Qe4 Qa1 81. h5 Qd1+ 82. Kh4 Qd8+ 83. Kh3 Qd2
84. Qd5+ 1-0

[Event "European Individual Women's Championship"]
[Site "Gaziantep TUR"]
[Date "2012.03.02"]
[EventDate "2012.03.02"]
[Round "1"]
[Result "1/2-1/2"]
[White "Yesim Patel"]
[Black "Betul Cemre Yildiz"]
[WhiteElo "1839"]
[BlackElo "2342"]
[PlyCount "55"]

1. e4 e5 2. Nf3 Nc6 3. Bb5 a6 4. Ba4 Nf6 5. O-O b5 6. Bb3 Bb7
7. d3 Bd6 8. Nc3 O-O 9. Bg5 h6 10. Bxf6 Qxf6 11. Nd5 Qd8
12. Ne3 Re8 13. Bd5 Bf8 14. g3 Rb8 15. c3 d6 16. Nh4 Ne7
17. Bxb7 Rxb7 18. f4 exf4 19. gxf4 d5 20. Qf3 dxe4 21. dxe4
Nc8 22. Nhf5 c6 23. Rad1 Qb6 24. Kh1 Re6 25. Nd4 Re8 26. Ndf5
Re6 27. Nd4 Re8 28. Ndf5 1/2-1/2

[Event "European Individual Women's Championship"]
[Site "Gaziantep TUR"]
[Date "2012.03.03"]
[EventDate "2012.03.02"]
[Round "2"]
[Result "1/2-1/2"]
[White "Betul Cemre Yildiz"]
[Black "Marina Romanko Nechaeva"]
[WhiteElo "2342"]
[BlackElo "2417"]
[PlyCount "99"]

1. e4 c6 2. d4 d5 3. Nd2 dxe4 4. Nxe4 Bf5 5. Ng3 Bg6 6. Nf3
Nd7 7. h4 h6 8. h5 Bh7 9. Bd3 Bxd3 10. Qxd3 e6 11. Bd2 Ngf6
12. O-O-O Be7 13. Ne4 Nxe4 14. Qxe4 Nf6 15. Qe2 Qd5 16. c4 Qe4
17. Qxe4 Nxe4 18. Be3 f5 19. Nd2 Nxd2 20. Rxd2 Kf7 21. Kc2
Rhd8 22. f3 b5 23. Rd3 Rab8 24. cxb5 cxb5 25. Rc3 Rb7 26. Rc6
a5 27. Re1 Bb4 28. Re2 Rd5 29. Bf2 Bd6 30. g4 Rd7 31. a3 a4
32. Bg1 Rc7 33. Rxc7+ Bxc7 34. Bf2 Ke7 35. Bh4+ Kd7 36. Bf2
Bd8 37. Kc3 Bf6 38. Bg1 Kd6 39. Bh2+ Kd7 40. Bg1 e5 41. dxe5
Bxe5+ 42. Kb4 Bf6 43. Bc5 Rd3 44. Re3 Rxe3 45. Bxe3 Bxb2
46. Kxb5 Bxa3 47. gxf5 Bb2 48. Kxa4 Ke7 49. Kb3 Be5 50. Kc4
1/2-1/2

[Event "European Individual Women's Championship"]
[Site "Gaziantep TUR"]
[Date "2012.03.04"]
[EventDate "2012.03.02"]
[Round "3"]
[Result "1/2-1/2"]
[White "Maria Bezgodova"]
[Black "Betul Cemre Yildiz"]
[WhiteElo "2200"]
[BlackElo "2342"]
[PlyCount "81"]

1. e4 e5 2. Nf3 Nc6 3. Nc3 Nf6 4. d4 exd4 5. Nxd4 Bb4 6. Nxc6
bxc6 7. Bd3 d6 8. O-O Ng4 9. h3 Ne5 10. Be2 Qh4 11. f4 Bc5+
12. Kh2 Ng6 13. Qe1 Qe7 14. Bd3 Rb8 15. Ne2 f6 16. Ng3 O-O
17. Qc3 Kh8 18. Nf5 Qe8 19. Nd4 Ne5 20. Be2 Bxd4 21. Qxd4 c5
22. Qf2 Nc6 23. Bd3 Be6 24. b3 a5 25. Bd2 a4 26. Qh4 Bg8
27. Rg1 Nb4 28. Bxb4 Rxb4 29. g4 axb3 30. axb3 c4 31. bxc4
Bxc4 32. Rgb1 Qb5 33. Rxb4 Qxb4 34. Qe1 Qc5 35. Ra5 Qd4
36. Ra4 d5 37. Bxc4 dxc4 38. Qe2 Qd6 39. Qe3 Qc6 40. Ra1 h6
41. Re1 1/2-1/2

[Event "European Individual Women's Championship"]
[Site "Gaziantep TUR"]
[Date "2012.03.05"]
[EventDate "2012.03.02"]
[Round "4"]
[Result "1/2-1/2"]
[White "Betul Cemre Yildiz"]
[Black "Elina Danielian"]
[WhiteElo "2342"]
[BlackElo "2478"]
[PlyCount "138"]

1. e4 e6 2. d4 d5 3. Nd2 Nf6 4. e5 Nfd7 5. Bd3 c5 6. c3 Nc6
7. Ne2 cxd4 8. cxd4 f6 9. Nf4 Nxd4 10. Qh5+ Ke7 11. exf6+ Nxf6
12. Ng6+ hxg6 13. Qxh8 Kf7 14. Qh4 e5 15. Nf3 Nxf3+ 16. gxf3
Bf5 17. Bxf5 gxf5 18. Bg5 Qa5+ 19. Kf1 g6 20. Qh8 Qa6+ 21. Kg2
Re8 22. Rac1 Be7 23. Qh6 Qd6 24. Rc2 Qd8 25. Bxf6 Kxf6
26. Rhc1 Rh8 27. Qd2 Rh4 28. Rc7 d4 29. Qa5 d3 30. Re1 Qd6
31. Qc3 Rd4 32. Rc4 Rxc4 33. Qxc4 Bf8 34. Rd1 d2 35. f4 Bh6
36. fxe5+ Qxe5 37. Qc3 Qxc3 38. bxc3 Ke5 39. Kf3 Kd5 40. Ke2
Kc4 41. Rb1 b5 42. Rg1 Kxc3 43. Rxg6 Bf4 44. h4 a5 45. h5 b4
46. h6 a4 47. h7 Be5 48. Rc6+ Kb2 49. Rc4 b3 50. axb3 a3
51. Ra4 Kc2 52. Rc4+ Kxb3 53. Rc8 a2 54. Ra8 d1=Q+ 55. Kxd1
a1=Q+ 56. Rxa1 Bxa1 57. Kd2 Kc4 58. Ke3 Kd5 59. Kf4 Ke6
60. Kg5 Bh8 61. f4 Bg7 62. Kg6 Bf6 63. Kh5 Kf7 64. Kh6 Bg7+
65. Kg5 Ke6 66. Kg6 Bc3 67. Kg5 Bh8 68. Kg6 Bf6 69. Kh5 Kf7
1/2-1/2

[Event "European Individual Women's Championship"]
[Site "Gaziantep TUR"]
[Date "2012.03.06"]
[EventDate "2012.03.02"]
[Round "5"]
[Result "0-1"]
[White "Nadezhda Kharmunova"]
[Black "Betul Cemre Yildiz"]
[WhiteElo "2191"]
[BlackElo "2342"]
[PlyCount "60"]

1. Nf3 d5 2. g3 Bg4 3. Bg2 Nd7 4. O-O e5 5. c4 d4 6. Qa4 c6
7. b4 e4 8. Ne1 Bxe2 9. Bxe4 Bxf1 10. Kxf1 Qe7 11. Bg2 Qxb4
12. Qc2 Ngf6 13. Bb2 Ne5 14. d3 Qd6 15. Nd2 Be7 16. Nb3 c5
17. Bxb7 Rb8 18. Bg2 O-O 19. Qd2 Nfd7 20. Qa5 Qb6 21. Qa4 Qc7
22. Rd1 f5 23. Bc1 g5 24. Nc2 f4 25. gxf4 gxf4 26. Na3 f3
27. Bh3 Nb6 28. Qa6 Nc6 29. Kg1 Qe5 30. Kh1 Bd6 0-1

[Event "European Individual Women's Championship"]
[Site "Gaziantep TUR"]
[Date "2012.03.07"]
[EventDate "2012.03.02"]
[Round "6"]
[Result "1/2-1/2"]
[White "Betul Cemre Yildiz"]
[Black "Nino Batsiashvili"]
[WhiteElo "2342"]
[BlackElo "2438"]
[PlyCount "101"]

1. e4 g6 2. d4 Bg7 3. Nc3 d6 4. f4 Nc6 5. Be3 e6 6. Nf3 Nf6
7. Qd2 a6 8. a4 Ne7 9. Bd3 Bd7 10. a5 Bc6 11. h3 h6 12. Qf2 b5
13. axb6 cxb6 14. e5 Nfd5 15. Ne4 Nf5 16. Bd2 h5 17. O-O Nc7
18. g4 hxg4 19. hxg4 Bxe4 20. Bxe4 d5 21. Bxf5 gxf5 22. gxf5
exf5 23. Qg2 Ne6 24. Ng5 Qd7 25. c4 Nc7 26. c5 bxc5 27. dxc5
Rh4 28. Rf3 Rg4 29. Rg3 Bf8 30. b4 a5 31. Nh7 Be7 32. Rxg4
fxg4 33. Nf6+ Bxf6 34. exf6 Ra6 35. Re1+ Re6 36. Rxe6+ Qxe6
37. bxa5 Qxf6 38. Qxg4 Qd4+ 39. Kf1 Ne6 40. Qe2 Kd8 41. Be3
Qe4 42. a6 d4 43. Bd2 Qh1+ 44. Kf2 Qh2+ 45. Ke1 Qxe2+ 46. Kxe2
Kc7 47. a7 Kb7 48. Kd3 Nxc5+ 49. Kxd4 Ne6+ 50. Ke5 Nxf4
51. Kd4 1/2-1/2

[Event "European Individual Women's Championship"]
[Site "Gaziantep TUR"]
[Date "2012.03.09"]
[EventDate "2012.03.02"]
[Round "7"]
[Result "1-0"]
[White "Natascha Bojkovic"]
[Black "Betul Cemre Yildiz"]
[WhiteElo "2395"]
[BlackElo "2342"]
[PlyCount "145"]

1. e4 e5 2. Nf3 Nc6 3. Bb5 a6 4. Ba4 d6 5. O-O Bd7 6. c3 g6
7. d4 Bg7 8. Re1 b5 9. Bb3 Nge7 10. dxe5 Nxe5 11. Nxe5 dxe5
12. Be3 O-O 13. Bc5 Qe8 14. a4 Bc6 15. axb5 axb5 16. Na3 Bf6
17. Qe2 Qb8 18. Nc2 Re8 19. Qf3 Kg7 20. Nb4 Rxa1 21. Rxa1 Bb7
22. Qe2 c6 23. Ra7 Qc7 24. h3 Nc8 25. Ra1 Be7 26. Nd3 Bd6
27. Qe3 Re7 28. Bxd6 Qxd6 29. Nc5 Qc7 30. Ba2 Nb6 31. b4 Bc8
32. Bb3 Qb8 33. Rd1 Qc7 34. Qg5 h6 35. Qd2 Nd7 36. Qe3 Nxc5
37. Qxc5 Be6 38. Bc2 Bc4 39. Rd6 Re6 40. Rxe6 Bxe6 41. Bd3 Qd7
42. Qxe5+ f6 43. Qd4 Qc7 44. Be2 Qf4 45. g3 Qc1+ 46. Kh2 Qe1
47. Bf3 h5 48. h4 Bc4 49. Bg2 Bf1 50. Bh1 Bc4 51. Bf3 Be6
52. Qa7+ Bf7 53. Qd4 Be6 54. Bg2 Bc4 55. Qd7+ Kh6 56. Qe8 Kg7
57. Qe7+ Bf7 58. e5 fxe5 59. f4 Qxc3 60. fxe5 Qc4 61. Qf6+ Kh7
62. Qxc6 Qe2 63. Qf3 Qc4 64. Bf1 Qc2+ 65. Qe2 Qxe2+ 66. Bxe2
Bc4 67. Bd1 Kh6 68. Kg2 g5 69. Kf3 Bd5+ 70. Ke3 g4 71. Be2 Bc6
72. Kd4 Kg6 73. Bd3+ 1-0

[Event "European Individual Women's Championship"]
[Site "Gaziantep TUR"]
[Date "2012.03.10"]
[EventDate "2012.03.02"]
[Round "8"]
[Result "1-0"]
[White "Betul Cemre Yildiz"]
[Black "Karolina Olsarova"]
[WhiteElo "2342"]
[BlackElo "2189"]
[PlyCount "113"]

1. e4 e5 2. Nf3 Nc6 3. d4 exd4 4. Nxd4 Qf6 5. Nxc6 Bc5 6. Qd2
bxc6 7. Nc3 Ne7 8. Na4 Bb6 9. Bd3 d6 10. O-O O-O 11. Qe2 Ng6
12. Nxb6 axb6 13. f4 Re8 14. c3 Bb7 15. g4 c5 16. g5 Qd8
17. Qg2 f5 18. gxf6 Qxf6 19. f5 Ne5 20. Bg5 Qf7 21. Bb5 Nd7
22. Rae1 c6 23. Be2 Nf6 24. Bd3 Kh8 25. b3 Rad8 26. Re3 b5
27. Rfe1 c4 28. bxc4 bxc4 29. Bf1 c5 30. Qe2 Re5 31. Qxc4 Qxc4
32. Bxc4 Rde8 33. Bxf6 gxf6 34. Be6 Kg7 35. Kf2 Kf8 36. Kf3
R8xe6 37. fxe6 f5 38. Kf4 fxe4 39. Rb1 Bd5 40. a4 Rxe6 41. a5
Ke7 42. Rh3 Rf6+ 43. Ke3 Ke6 44. a6 Rf7 45. Rb6 Rd7 46. Rh6+
Ke5 47. Rh5+ Ke6 48. c4 Bxc4 49. Rxc5 Bd5 50. Kd4 Ba8 51. Rc8
Bd5 52. Re8+ Kf7 53. Rh8 Ke6 54. Re8+ Kf7 55. Reb8 Ke6
56. R8b7 Rd8 57. Rxh7 1-0

[Event "European Individual Women's Championship"]
[Site "Gaziantep TUR"]
[Date "2012.03.11"]
[EventDate "2012.03.02"]
[Round "9"]
[Result "1-0"]
[White "Olga Girya"]
[Black "Betul Cemre Yildiz"]
[WhiteElo "2406"]
[BlackElo "2342"]
[PlyCount "117"]

1. d4 d5 2. Nf3 Nf6 3. c4 dxc4 4. Nc3 e6 5. e4 Bb4 6. Bg5 h6
7. Bxf6 Qxf6 8. Bxc4 O-O 9. O-O Bxc3 10. bxc3 c5 11. dxc5 Qxc3
12. Rc1 Qa5 13. Ne5 b6 14. Qh5 bxc5 15. Rfd1 Qc7 16. Rc3 Nd7
17. Nxf7 Nf6 18. Nxh6+ Kh7 19. Qh4 gxh6 20. Rh3 Ng8 21. Qh5
Rb8 22. Rg3 Rb2 23. f4 Qf7 24. Qxc5 Nf6 25. e5 Nd5 26. f5 Rg8
27. Bxd5 exd5 28. e6 Rxg3 29. hxg3 Bxe6 30. fxe6 Qxe6
31. Qxa7+ Kg6 32. Rf1 Qb6+ 33. Qxb6+ Rxb6 34. a4 Rb4 35. Ra1
Rb6 36. a5 Ra6 37. Kf2 Kf5 38. Ra4 d4 39. Ke2 Kg4 40. Kd3 Kxg3
41. Ra2 h5 42. Kxd4 h4 43. Ke5 Ra8 44. a6 Re8+ 45. Kd5 Rd8+
46. Kc6 Rc8+ 47. Kb7 Rf8 48. a7 Rf7+ 49. Kb6 Rf6+ 50. Kc5 Rf8
51. Rb2 Rf5+ 52. Kb6 Rf6+ 53. Kb7 Rf7+ 54. Ka6 Rf6+ 55. Rb6
Rf8 56. Rb8 Rf6+ 57. Kb5 Rf5+ 58. Kb4 Rf4+ 59. Kb3 1-0

[Event "European Individual Women's Championship"]
[Site "Gaziantep TUR"]
[Date "2012.03.12"]
[EventDate "2012.03.02"]
[Round "10"]
[Result "0-1"]
[White "Betul Cemre Yildiz"]
[Black "Karina Szczepkowska-Horowska"]
[WhiteElo "2342"]
[BlackElo "2369"]
[PlyCount "70"]

1. e4 e5 2. Nf3 Nc6 3. d4 exd4 4. Nxd4 Bb4+ 5. c3 Bc5 6. Be3
Bb6 7. Nf5 Bxe3 8. Nxe3 Nf6 9. f3 O-O 10. c4 d6 11. Nc3 Nd7
12. Qd2 Nc5 13. O-O-O Be6 14. f4 f6 15. g4 a6 16. Kb1 Bf7
17. h4 Re8 18. Bg2 Rb8 19. g5 Bh5 20. Rdg1 Kh8 21. Ned5 b5
22. gxf6 gxf6 23. f5 b4 24. Qh6 bxc3 25. Bf3 Rxb2+ 26. Ka1
Rb1+ 27. Rxb1 Nd4 28. Rh2 Bxf3 29. Nxf6 Re7 30. Qe3 c2 31. Rc1
Re5 32. Nd5 Rxe4 33. Qc3 c6 34. Ne3 Qf6 35. Rhxc2 Rxe3 0-1

[Event "European Individual Women's Championship"]
[Site "Gaziantep TUR"]
[Date "2012.03.13"]
[EventDate "2012.03.02"]
[Round "11"]
[Result "0-1"]
[White "Monika Seps"]
[Black "Betul Cemre Yildiz"]
[WhiteElo "2208"]
[BlackElo "2342"]
[PlyCount "76"]

1. d4 d5 2. c4 dxc4 3. e3 a6 4. Bxc4 Nf6 5. Nf3 e6 6. O-O c5
7. Bd3 Nbd7 8. e4 cxd4 9. e5 Nd5 10. Bg5 Qb6 11. Nbd2 h6
12. Bh4 Qxb2 13. Nc4 Qb4 14. Nxd4 Nc5 15. Rc1 Bd7 16. a3 Qa4
17. Qf3 Nxd3 18. Qxd3 b5 19. Ne3 Nf4 20. Qe4 Ne2+ 21. Kh1 Ra7
22. Rc8+ Bxc8 23. Qc6+ Bd7 24. Qb6 Ra8 25. Rd1 Bxa3 26. Nxe2
Qxh4 27. Rxd7 O-O 28. g3 Qe4+ 29. Kg1 Qxe5 30. Qb7 Bc5 31. Rd3
Rad8 32. Nf4 Qa1+ 33. Nf1 Rxd3 34. Nxd3 Qd4 35. Qf3 a5 36. Nf4
a4 37. h4 a3 38. Qe2 Qxf2+ 0-1

[Event "FIDE Women's Grand Prix Kazan"]
[Site "Kazan RUS"]
[Date "2012.06.10"]
[EventDate "2012.06.09"]
[Round "1"]
[Result "0-1"]
[White "Betul Cemre Yildiz"]
[Black "Alisa Galliamova"]
[WhiteElo "2333"]
[BlackElo "2484"]
[PlyCount "116"]

1. e4 c5 2. Nf3 e6 3. d4 cxd4 4. Nxd4 Nf6 5. Bd3 Nc6 6. Nxc6
dxc6 7. O-O e5 8. Qe2 Bc5 9. Be3 Qb6 10. Bxc5 Qxc5 11. Nd2 Bg4
12. Qe1 Be6 13. Nb3 Bxb3 14. axb3 Nd7 15. b4 Qd4 16. Qc3 Qxc3
17. bxc3 a6 18. Bc4 Ke7 19. Rfd1 Rhd8 20. f3 Nb6 21. Rxd8 Rxd8
22. Bd3 Kd6 23. Kf2 c5 24. Ke3 f6 25. Be2 Rc8 26. Bd3 Nd7
27. Rd1 Ke7 28. Ra1 Nf8 29. Ra5 Ne6 30. g3 g5 31. Ra1 h5
32. Rb1 Kd6 33. Rd1 Ke7 34. Rb1 b5 35. c4 bxc4 36. Bxc4 cxb4
37. Rxb4 a5 38. Rb7+ Rc7 39. Rxc7+ Nxc7 40. f4 h4 41. fxe5
fxe5 42. gxh4 gxh4 43. Kf3 a4 44. Kg4 Kf6 45. Kxh4 a3 46. Kg4
Nb5 47. h4 Nd4 48. h5 Nxc2 49. Bb3 Ne3+ 50. Kf3 Nd1 51. Kg4
Nf2+ 52. Kf3 Nd3 53. Kg4 Nc1 54. Bd5 a2 55. Bxa2 Nxa2 56. h6
Nb4 57. h7 Kg7 58. Kf5 Nd3 0-1

[Event "FIDE Women's Grand Prix Kazan"]
[Site "Kazan RUS"]
[Date "2012.06.11"]
[EventDate "2012.06.09"]
[Round "2"]
[Result "0-1"]
[White "Yifan Hou"]
[Black "Betul Cemre Yildiz"]
[WhiteElo "2623"]
[BlackElo "2333"]
[PlyCount "68"]

1. e4 e5 2. Nf3 Nc6 3. Bb5 a6 4. Ba4 Nf6 5. O-O Bc5 6. c3 b5
7. Bc2 d5 8. exd5 Qxd5 9. d4 exd4 10. Bg5 Bg4 11. Bxf6 Bxf3
12. Re1+ Kf8 13. Bb3 Qe4 14. Bxg7+ Kxg7 15. gxf3 Qf5 16. Nd2
dxc3 17. bxc3 Rad8 18. Kh1 Qf4 19. Re4 Qxd2 20. Qg1+ Kf8
21. Qg4 Qd6 22. Qh5 Rd7 23. Rae1 Bxf2 24. Rd1 Qg6 25. Qxg6
Rxd1+ 26. Bxd1 hxg6 27. Bb3 Bc5 28. Kg2 Bd6 29. h3 Rh5 30. a4
Re5 31. Rh4 Re2+ 32. Kf1 Re3 33. axb5 axb5 34. Bd5 Ne7 0-1

[Event "FIDE Women's Grand Prix Kazan"]
[Site "Kazan RUS"]
[Date "2012.06.12"]
[EventDate "2012.06.09"]
[Round "3"]
[Result "0-1"]
[White "Betul Cemre Yildiz"]
[Black "Elina Danielian"]
[WhiteElo "2333"]
[BlackElo "2484"]
[PlyCount "80"]

1. e4 c5 2. Nf3 e6 3. d4 cxd4 4. Nxd4 Nc6 5. Nb5 d6 6. c4 Nf6
7. N1c3 a6 8. Na3 Be7 9. Be2 O-O 10. O-O b6 11. Be3 Bb7 12. f3
Rc8 13. Rc1 Nd7 14. Qd2 Rc7 15. Rfd1 Qb8 16. Bf1 Rcc8 17. Qf2
Ba8 18. Rb1 Kh8 19. b4 Nce5 20. Na4 f5 21. exf5 Rxf5 22. Nc2
Rxf3 23. Qe2 b5 24. cxb5 axb5 25. Nd4 Rxf1+ 26. Rxf1 bxa4
27. Rfc1 Nb6 28. Nxe6 Nbc4 29. b5 Be4 30. Rb4 Bd3 31. Qe1 d5
32. Rxa4 Qxb5 33. Ra7 Bf6 34. Bd4 Re8 35. Bxe5 Bxe5 36. Qd1
Qb6+ 37. Kh1 Qxa7 38. Qxd3 Qe3 39. Qf1 Kg8 40. Re1 Qh6 0-1

[Event "FIDE Women's Grand Prix Kazan"]
[Site "Kazan RUS"]
[Date "2012.06.13"]
[EventDate "2012.06.09"]
[Round "4"]
[Result "1-0"]
[White "Koneru Humpy"]
[Black "Betul Cemre Yildiz"]
[WhiteElo "2589"]
[BlackElo "2333"]
[PlyCount "87"]

1. c4 e5 2. Nc3 Nf6 3. Nf3 Nc6 4. e3 d5 5. cxd5 Nxd5 6. Bb5
Nxc3 7. bxc3 Bg4 8. Qa4 Bxf3 9. gxf3 Qf6 10. Qe4 Be7 11. Bb2
O-O-O 12. Rg1 Qd6 13. O-O-O g6 14. Qa4 a6 15. Be2 f5 16. d4
exd4 17. cxd4 Qb4 18. Qxb4 Nxb4 19. Bc4 Nd5 20. e4 fxe4
21. fxe4 Nf4 22. d5 Rhf8 23. Rgf1 b5 24. Bb3 Bc5 25. Kb1 Kb7
26. e5 a5 27. a3 a4 28. Ba2 Nh3 29. Rc1 Kb6 30. e6 Rxf2
31. Rxf2 Nxf2 32. Rc3 Rf8 33. Rg3 Ne4 34. Rg2 c6 35. Re2 cxd5
36. Bxd5 Nd6 37. e7 Rf1+ 38. Ka2 Ne8 39. Re6+ Ka7 40. Bc6 Nc7
41. Bxb5 Rf2 42. Rc6 Bd4 43. Rxc7+ Kb6 44. Kb1 1-0

[Event "FIDE Women's Grand Prix Kazan"]
[Site "Kazan RUS"]
[Date "2012.06.16"]
[EventDate "2012.06.09"]
[Round "6"]
[Result "0-1"]
[White "Betul Cemre Yildiz"]
[Black "Tatiana Kosintseva"]
[WhiteElo "2333"]
[BlackElo "2532"]
[PlyCount "73"]

1. e4 c5 2. Nf3 e6 3. d4 cxd4 4. Nxd4 Nc6 5. Nc3 d6 6. Be3 Nf6
7. f4 Be7 8. Qf3 Qc7 9. O-O-O a6 10. g4 Nd7 11. Kb1 b5 12. f5
Nce5 13. Qg3 Nc5 14. Bd3 Bd7 15. Rhf1 Rc8 16. Nce2 Qb7 17. Qg2
b4 18. g5 exf5 19. Nxf5 Bxf5 20. Rxf5 b3 21. Bxc5 Rxc5 22. Nd4
bxa2+ 23. Kxa2 O-O 24. h4 Rb8 25. c3 Qb6 26. Rf2 Rxc3 27. Bf1
Qa5+ 28. Kb1 Ra3 29. Nc2 Ra2 30. b4 Qa4 31. Qg3 Rxb4+ 32. Nxb4
Ra1+ 33. Kb2 Qxd1 34. Nc2 Qc1+ 35. Kb3 Qb1+ 36. Kc3 Ra2
37. Kd4 0-1

[Event "FIDE Women's Grand Prix Kazan"]
[Site "Kazan RUS"]
[Date "2012.06.20"]
[EventDate "2012.06.09"]
[Round "9"]
[Result "1/2-1/2"]
[White "Antoaneta Stefanova"]
[Black "Betul Cemre Yildiz"]
[WhiteElo "2518"]
[BlackElo "2333"]
[PlyCount "140"]

1. Nf3 d5 2. c4 dxc4 3. e3 Nf6 4. Bxc4 e6 5. O-O a6 6. Qe2 c5
7. Rd1 b5 8. Bb3 c4 9. Bc2 Nc6 10. d3 cxd3 11. Rxd3 Qb6 12. a3
Be7 13. e4 Bb7 14. Nc3 Rd8 15. e5 Rxd3 16. Bxd3 Nd7 17. Be3
Qc7 18. Rc1 Ndxe5 19. Nxe5 Qxe5 20. a4 O-O 21. axb5 axb5
22. f4 Qb8 23. Qh5 g6 24. Qxb5 Nb4 25. Bf1 Nd5 26. Nxd5 Bxd5
27. Qxb8 Rxb8 28. Bd4 f6 29. Kf2 Rb4 30. Rc8+ Kf7 31. Ke3 e5
32. fxe5 fxe5 33. Bc3 Bg5+ 34. Kf2 Rf4+ 35. Ke1 Re4+ 36. Be2
Be7 37. Kf2 Rf4+ 38. Kg1 e4 39. g3 Rf5 40. g4 Be6 41. Rc7 Rc5
42. Ra7 Kf8 43. Rxe7 Kxe7 44. Bb4 Kd6 45. Kf2 Kc6 46. Bxc5
Kxc5 47. Ke3 Kd5 48. b4 Ke5 49. h3 h5 50. gxh5 gxh5 51. h4 Bf7
52. Bb5 Kd5 53. Bd7 Kd6 54. Ba4 Bg6 55. Kd4 Kc7 56. Bb5 Kb6
57. Be2 Kc6 58. Ke5 Kb6 59. Kd5 Bf5 60. Ke5 Bg6 61. Kf6 Be8
62. Kf5 Bb5 63. Bxb5 Kxb5 64. Kxe4 Kxb4 65. Kf5 Kc5 66. Kg5
Kd6 67. Kxh5 Ke7 68. Kg6 Kf8 69. Kh7 Kf7 70. h5 Kf8 1/2-1/2